[Event "zt 1.8"]
[Site "Minsk BLR"]
[Date "2000.05.29"]
[Round "4"]
[White "Iordachescu,V"]
[Black "Zulfugarli,M"]
[Result "1-0"]
[WhiteElo "2560"]
[BlackElo "2479"]

1.e4 c5 2.Nf3 d6 3.Bb5+ Bd7 4.Bxd7+ Qxd7 5.O-O Nc6 6.b3 e5 7.Re1 g6 8.c3 Bg7
9.Bb2 Nge7 10.d4 exd4 11.cxd4 Nxd4 12.Nxd4 Nc6 13.e5 Nxd4 14.exd6+ Kf8 15.Nc3 h5
16.Ne4 h4 17.b4 b6 18.bxc5 bxc5 19.Rc1 Rh5 20.Rxc5 Rxc5 21.Nxc5 Qxd6 22.Bxd4 Bxd4
23.Ne6+ fxe6 24.Qf3+ Kg7 25.Qxa8 e5 26.Qb7+ Kh6 27.Qf3 Qb6 28.Rf1 Qd8 29.g3 Kg7
30.Rb1 Bb6 31.Kg2 Qd2 32.Rd1 Qb4 33.Rd7+ Kh6 34.gxh4 Bc5 35.Rd5  1-0

[Event "Open Victor Syre Mem"]
[Site "Issy Les Moulineaux FRA"]
[Date "2000.06.01"]
[Round "1"]
[White "Brochet,P"]
[Black "Riazuelo,G"]
[Result "1-0"]
[WhiteElo "2335"]
[BlackElo "2116"]

1.e4 c5 2.Nf3 d6 3.Bb5+ Nd7 4.d4 Nf6 5.Nc3 a6 6.Bxd7+ Nxd7 7.O-O cxd4 8.Qxd4 e6
9.Rd1 Qc7 10.b3 Qc5 11.Qd3 b5 12.Bf4 Be7 13.a4 Bf6 14.e5 dxe5 15.Ne4 Qc7
16.Nxf6+ gxf6 17.Bh6 Bb7 18.Nd2 Nc5 19.Qc3 Qc6 20.f3 Rg8 21.axb5 axb5 22.Rxa8+ Bxa8
23.Ra1 Bb7 24.Ra7 Qb6 25.Qa5 Qxa5 26.Rxa5 Bc6 27.Ra7 Rg6 28.Be3 Nb7 29.Ra8+ Kd7
30.Rh8 Rg7 31.Bh6 Rg6 32.Rxh7 Nd6 33.Be3 e4 34.f4 f5 35.g3 Ke7 36.Bc5 Rf6
37.h4 Kd7 38.h5 Nb7 39.Bd4 e5 40.Bxe5 e3 41.Nb1 Ke7 42.Bxf6+ Kxf6 43.Rh6+  1-0

[Event "Guillermo Garcia Premier II"]
[Site "Santa Clara CUB"]
[Date "2000.06.06"]
[Round "11"]
[White "Perdomo,C"]
[Black "Arencibia,W"]
[Result "0-1"]
[WhiteElo "2411"]
[BlackElo "2529"]

1.e4 c5 2.Nf3 d6 3.Bb5+ Nd7 4.d4 Nf6 5.Nc3 cxd4 6.Qxd4 e5 7.Qd3 h6 8.Be3 Be7
9.Bc4 a6 10.a4 Qc7 11.O-O Nc5 12.Bxc5 Qxc5 13.a5 Be6 14.Nd2 Rc8 15.Ra4 O-O
16.Bxe6 fxe6 17.Qh3 Kf7 18.Nc4 Bd8 19.Qe3 Ke7 20.Qxc5 Rxc5 21.Rd1 Bc7 22.Re1 Nd7
23.Nb1 b5 24.axb6 Nxb6 25.Nxb6 Bxb6 26.Rxa6 Rb5 27.Rxb6 Rxb6 28.b3 Rc8 29.Na3 Rc3
30.Nc4 Rb4 31.Ne3 Rxe4 32.Ra1 d5 33.Ra7+ Kf8 34.g3 d4 35.Ra4 Ke7 36.Kf1 Kf6
37.Rc4 Ke7 38.Nd1 Rxc4 39.bxc4 Rg4 40.f3 Rg5 41.Nf2 Rf5 42.Ke2 Rf8 43.Ne4 Ra8
44.Kd3 Ra3+ 45.c3 dxc3 46.Nxc3 Kd6 47.Kc2 Kc5 48.Kb2 Kxc4  0-1

[Event "zt 1.7"]
[Site "Mezezers LAT"]
[Date "2000.06.08"]
[Round "3"]
[White "Kiik,K"]
[Black "Rytshagov,M"]
[Result "0-1"]
[WhiteElo "2445"]
[BlackElo "2542"]

1.e4 c5 2.Nf3 d6 3.Bb5+ Bd7 4.Bxd7+ Qxd7 5.O-O Nf6 6.Re1 Nc6 7.c4 g6 8.Nc3 Bg7
9.d4 cxd4 10.Nxd4 O-O 11.Nde2 Qe6 12.Nd5 Qxe4 13.Bg5 Qxc4 14.Bxf6 exf6 15.b3 Qc5
16.Rc1 Qa5 17.a4 f5 18.Rc4 Rae8 19.b4 Qd8 20.b5 Na5 21.Rc7 Re5 22.Nec3 Rfe8
23.Rf1 R5e6 24.g3 h5 25.Qb1 Bd4 26.Qb4 Bb6 27.Nxb6 Qxc7 28.Nbd5 Qd8 29.Kg2 b6
30.Nf4 Re1 31.Rxe1 Rxe1 32.Ncd5 Re5 33.h4 Nb7 34.Qd4 Nc5 35.Nb4 Re4 36.Qd2 Qf6
37.Nc6 Rxa4 38.Nd5 Qe6 39.Kh2 Kg7 40.Nf4 Qf6 41.Nd5 Ne4 42.Qc2 Qa1  0-1

[Event "zt 1.5"]
[Site "Yerevan ARM"]
[Date "2000.06.08"]
[Round "2"]
[White "Sendur,A"]
[Black "Aronian,L"]
[Result "0-1"]
[WhiteElo "2335"]
[BlackElo "2587"]

1.e4 c5 2.Nf3 d6 3.Bb5+ Nc6 4.O-O Bd7 5.c3 Nf6 6.Re1 a6 7.Ba4 b5 8.Bc2 Bg4
9.d4 cxd4 10.cxd4 Bxf3 11.gxf3 e5 12.d5 Nd4 13.Be3 Nd7 14.a4 b4 15.a5 Be7
16.Ba4 O-O 17.Bxd7 Qxd7 18.Nd2 Rac8 19.Bxd4 exd4 20.Nb3 Bg5 21.Kg2 Rfe8 22.Qd3 Bf6
23.Rac1 Be5 24.Rxc8 Qxc8 25.Rc1 Qd8 26.Qxa6 f5 27.Rg1 fxe4 28.fxe4 Qh4 29.Qd3 Rf8
30.f3 Bxh2 31.Rf1 Qg3+ 32.Kh1 Qh3  0-1

[Event "zt 1.5"]
[Site "Yerevan ARM"]
[Date "2000.06.10"]
[Round "4"]
[White "Sendur,A"]
[Black "Erdogan,H"]
[Result "1-0"]
[WhiteElo "2335"]
[BlackElo "2316"]

1.e4 c5 2.Nf3 d6 3.Bb5+ Bd7 4.Bxd7+ Qxd7 5.O-O Nf6 6.e5 dxe5 7.Nxe5 Qc7 8.Qe2 e6
9.b3 Bd6 10.Bb2 Nbd7 11.f4 Bxe5 12.fxe5 Nd5 13.Na3 O-O 14.Nb5 Qc6 15.c4 Ne7
16.Rae1 Ng6 17.Qh5 f6 18.exf6 gxf6 19.Qh3 e5 20.Nc3 Rae8 21.Ne4 Qe6 22.Qh5 Nf4
23.Qf3 Re7 24.Kh1 Rg7 25.g3 Ng6 26.Nc3 b6 27.Nd5 Qh3 28.Ne3 Ne7 29.d3 Rg6
30.Ng2 Rg7 31.Nh4 Qe6 32.Bc1 Rc8 33.Bh6 Rf7 34.Qh5 Kh8 35.Ng2 Rg8 36.Nf4 Qc6+
37.Kg1 Ng6 38.Nd5 Qe6 39.Rf2 Ngf8 40.Ref1 Rg6 41.Rf5 Qd6 42.Bg5 Kg7 43.Qf3 h6
44.Bh4 Nh7 45.Kh1 Nb8 46.Qe4 Nc6 47.R5f2 Ne7 48.Nc3 Qc6 49.Nb5 Qxe4+ 50.dxe4 Nc6
51.Nd6 Rf8 52.Nf5+ Kf7 53.Ne3 Ke6 54.Kg2 Nd4 55.Nd5 Rf7 56.h3 Rf8 57.Kh2 Rf7
58.g4 Ng5 59.Bxg5 hxg5 60.Kg3 Rh6 61.Kg2 Nc6 62.Rd1 Rd7 63.Rdf1 Rf7 64.Rf3 Nd4
65.R3f2 Nc6 66.a3 Na5 67.Rf3 Nb7 68.Rd1 Nd6 69.Nc3 Rhh7 70.Rdf1 Ne8 71.Nd5 Rh6
72.Rd1 Rd7 73.Rdf1 Kf7 74.Rc1 Rg6 75.b4 Nd6 76.Re3 Ke6 77.Kf3 Rh6 78.Kg2 Kf7
79.Kf2 Ne8 80.Rf3 Ng7 81.bxc5 bxc5 82.Rb1 Ne6 83.Rb8 Nf4 84.Rfb3 Nxh3+ 85.Kf1 Kg6
86.Rg8+ Kf7 87.Rbb8 Nf4 88.Rbf8+ Ke6 89.Rc8 Rh1+ 90.Kf2 Rh2+ 91.Kg3 Rh3+
92.Kf2 Rh2+ 93.Ke3 Rh3+ 94.Kd2 Rh2+ 95.Kc3 Rh3+ 96.Kc2 Nxd5 97.exd5+ Kf7
98.Rgf8+ Kg7 99.Rg8+ Kf7 100.Rcf8+ Ke7 101.Re8+ Kd6 102.Re6+ Kc7 103.Rxf6 Rxa3
104.Rxg5 Rh7 105.Rh5 Rxh5 106.gxh5 Rh3 107.h6 Kd8 108.Re6 a5 109.Ra6 a4 110.Ra8+  1-0

[Event "zt 1.9"]
[Site "Ordzhonikidze UKR"]
[Date "2000.06.13"]
[Round "5"]
[White "Vysochin,S"]
[Black "Timoshenko,G"]
[Result "0-1"]
[WhiteElo "2494"]
[BlackElo "2584"]

1.e4 c5 2.Nf3 d6 3.Bb5+ Nc6 4.O-O Bd7 5.Re1 Nf6 6.c3 a6 7.Bf1 Bg4 8.d4 cxd4
9.cxd4 d5 10.Nc3 e6 11.exd5 Nxd5 12.Qb3 Bxf3 13.gxf3 Bb4 14.Qxd5 Qxd5 15.Nxd5 Bxe1
16.Nc7+ Kd7 17.Nxa8 Rxa8 18.Be3 Bb4 19.Bd3 Ne7 20.Be4 Rb8 21.Rc1 Bd6 22.Bc2 Rc8
23.h3 f5 24.Bb3 Rf8 25.Bg5 Nc6 26.Be3 f4 27.d5 exd5 28.Bb6 Rf5 29.Rd1 Ke6
30.Kf1 g6 31.a3 Bb8 32.Ba2 Ba7 33.Bc7 Kd7 34.Bb1 Rf6 35.Ba5 Nxa5 36.Rxd5+ Rd6
37.Rxa5 Rd1+  0-1

[Event "zt 2.4"]
[Site "Sao Paulo BRA"]
[Date "2000.06.15"]
[Round "11"]
[White "Ramos,Er"]
[Black "Limp,E"]
[Result "1/2-1/2"]
[WhiteElo "2280"]
[BlackElo "2420"]

1.e4 c5 2.Nf3 d6 3.Bb5+ Bd7 4.Bxd7+ Qxd7 5.c4 Nc6 6.d4 cxd4 7.Nxd4 Nf6 8.Nc3 g6
9.f3 Nxd4 10.Qxd4 Bg7 11.O-O O-O 12.Qd2 Rfc8 13.Qd3 a6 14.Bd2 Rab8 15.Rac1 b5
16.cxb5 axb5 17.a3 Qb7 18.Kh1 Nd7 19.Nd5 Nc5 20.Qb1 e6 21.Nb4 d5 22.exd5 exd5
23.Bf4 Ra8 24.Bd6 Na4 25.Nd3 d4 26.Qa2 Ra6 27.Bf4 Rxc1 28.Rxc1 Rc6 29.Re1 Qd7
30.Qb3 Rc8 31.h3 h5 32.Be5 Nc5 33.Nxc5 Rxc5 34.Bxg7 Kxg7 35.Qd3 Qd6 36.Rd1 Rd5
37.Rd2 Kg8 38.Re2 Rc5 39.Re1 Qg3 40.Rd1 Rg5 41.Qe2 Rc5 42.Qd2 Rd5 43.Qc2 Qd6
44.Qd3 Kg7 45.Rd2 Qf4 46.Kg1 Kg8 47.Rd1 Qd6 48.Rd2 h4 49.Qe4 g5 50.f4 gxf4
51.Rd3 f5 52.Qe1 Rc5 53.Qxh4 Rc1+ 54.Kh2 f3+ 55.Qg3+ Qxg3+ 56.Kxg3 fxg2 57.Kxg2 Rc2+
58.Kf3 Rxb2 59.Kf4 b4 60.axb4 Rxb4 61.Kxf5 Kh7 62.Ke4 Kh6  1/2-1/2

[Event "53rd ch-RUS"]
[Site "Samara RUS"]
[Date "2000.06.21"]
[Round "5"]
[White "Alavkin,A"]
[Black "Ionov,S"]
[Result "1/2-1/2"]
[WhiteElo "2397"]
[BlackElo "2558"]

1.e4 c5 2.Nf3 d6 3.Bb5+ Bd7 4.Bxd7+ Qxd7 5.O-O Nf6 6.e5 dxe5 7.Nxe5 Qd6 8.Nc4 Qd8
9.d3 Nc6 10.Bf4 e6 11.Nc3 Be7 12.Qd2 O-O 13.Rae1 Nd5 14.Nxd5 Qxd5 15.a4 Rfd8
16.b3 Rac8 17.h3 b6 18.Be5 Bf8 19.Bb2 Nd4 20.Re4 g6 21.Bxd4 cxd4 22.Qf4 Bg7
23.Rfe1 Qc5 24.Qd2 a6 25.R4e2 b5 26.b4 Qc7 27.axb5 axb5 28.Na5 Qc3 29.Nb7 Qxd2
30.Rxd2 Rd7 31.Nc5 Ra7 32.Rdd1 Bf8 33.Nb3 Bxb4 34.Re5 Rxc2 35.Nxd4 Bd6 36.Rxb5 Rd2
37.Rbb1 Raa2 38.Rxd2 Rxd2 39.Nb5 Bc5 40.d4 Bxd4 41.Nxd4 Rxd4 42.g3 g5 43.Rb5 h6
44.Re5 Kg7 45.Re3 Kg6 46.Kg2 h5 47.Kg1 Kf6 48.Rf3+ Ke7 49.Ra3 f5 50.Ra7+ Kf6
51.Ra5 h4 52.gxh4 Rxh4 53.Kg2 Rd4 54.Rb5 Rd3 55.Ra5 Rd5 56.Ra3 Rb5 57.Rc3 Rb6
58.Ra3 Rc6 59.Rb3 e5 60.f3 Rc2+ 61.Kg1 e4 62.fxe4 fxe4 63.Rb5 e3 64.Kf1 Rh2
65.Rb6+ Kf5 66.Rh6 Ke4 67.Rh8 Rf2+ 68.Ke1 Rg2 69.Re8+ Kf3 70.Rf8+ Kg3 71.Rh8 Kh2
72.Rh7 Kg3 73.Rh8 Ra2 74.Rg8 Ra5 75.Rh8 Ra4 76.Ke2 Rh4 77.Rg8 Rh5 78.Kxe3 Rxh3
79.Rxg5+ Kh4+ 80.Kf4 Rf3+  1/2-1/2

[Event "Balatontourist Open"]
[Site "Budapest HUN"]
[Date "2000.06.23"]
[Round "8"]
[White "Xu Hanbing"]
[Black "Berczes,D"]
[Result "1-0"]
[WhiteElo "2420"]
[BlackElo "2140"]

1.e4 c5 2.Nf3 d6 3.Bb5+ Bd7 4.Bxd7+ Qxd7 5.O-O g6 6.c3 Bg7 7.d4 Nf6 8.Re1 O-O
9.b3 cxd4 10.cxd4 Nc6 11.Nc3 Rac8 12.Bb2 Qc7 13.Qe2 Rfd8 14.Rad1 a6 15.h3 b5
16.e5 dxe5 17.dxe5 Nh5 18.g3 Rxd1 19.Qxd1 Rd8 20.Qe2 Nb4 21.Rd1 Rxd1+ 22.Qxd1 Nc6
23.Nd5 Qd8 24.Qd3 e6 25.Nb4 Qxd3 26.Nxd3 Bf8 27.Nd4 Nxd4 28.Bxd4 Ng7 29.g4 Ne8
30.Bb6 Be7 31.f4 Ng7 32.Kf2 Kf8 33.Ke3 Ke8 34.Kd4 Kd7 35.Bc5 Ne8 36.Bxe7 Kxe7
37.Kc5 Nc7 38.Kb6 Kd8 39.a4 bxa4 40.bxa4 Kc8 41.a5 h5 42.Nb4 h4 43.g5 Kd8
44.Nxa6 Nd5+ 45.Kb7 Nxf4 46.Nb4 Nxh3 47.a6 Nxg5 48.a7 Ne4 49.a8=Q+ Kd7 50.Qc8+  1-0

[Event "Masters"]
[Site "Frankfurt GER"]
[Date "2000.06.23"]
[Round "5"]
[White "Rublevsky,S"]
[Black "Van Wely,L"]
[Result "1/2-1/2"]
[WhiteElo "2662"]
[BlackElo "2646"]

1.e4 c5 2.Nf3 d6 3.Bb5+ Bd7 4.Bxd7+ Qxd7 5.c4 Nf6 6.Nc3 Nc6 7.O-O g6 8.d4 cxd4
9.Nxd4 Bg7 10.Nde2 Qe6 11.Nd5 Qxe4 12.Nc7+ Kd7 13.Nxa8 Qxc4 14.Nb6+ axb6
15.Nc3 b5 16.Be3 Ra8 17.Rc1 Ke8 18.a3 b4 19.b3 Qh4 20.Nb5 Kd7 21.Bc5 Qh5
22.Qxh5 Nxh5 23.Bxb4 Nf4 24.Rc4 Nd5 25.Bd2 f5 26.a4 h6 27.Rd1 e6 28.h4 Ne5
29.Rc2 Nc6 30.Bc1 Bf6 31.Ba3 Be7 32.g3 f4 33.Re2 Rf8 34.Rf1 g5 35.hxg5 hxg5
36.Bb2 Na5 37.Rfe1 fxg3 38.fxg3 Rf3 39.Rxe6 Rxg3+ 40.Kh2 Rxb3 41.Bc1 Nc6
42.Bxg5 Ne5 43.Bxe7 Nf3+ 44.Kh1 Nxe1 45.Rxd6+ Kxe7 46.Rxd5 Nf3 47.Kg2 Nh4+
48.Kf2 Ng6 49.Rc5 Rb4 50.a5 Kf6 51.Nd6 Ne5 52.Rc7 Ke6 53.Nxb7 Kd5 54.a6 Rb2+
55.Kg3 Ra2 56.Rc5+ Kd4 57.Ra5 Rxa5 58.Nxa5 Nd7 59.Nc6+ Kc5 60.Ne5 Kb6  1/2-1/2

[Event "VII Open"]
[Site "Linares CHI"]
[Date "2000.06.24"]
[Round "2"]
[White "Zarnicki,P"]
[Black "Tossi,C"]
[Result "1-0"]
[WhiteElo "2498"]
[BlackElo "2078"]

1.e4 c5 2.Nf3 d6 3.Bb5+ Bd7 4.Bxd7+ Nxd7 5.O-O e6 6.b3 Ngf6 7.Qe2 a6 8.c4 Qc7
9.d4 cxd4 10.Nxd4 Nc5 11.Nc3 Be7 12.Bb2 O-O 13.f4 Qb6 14.Kh1 Ncd7 15.Rad1 Rac8
16.e5 dxe5 17.fxe5 Ne8 18.Nf5 Nxe5 19.Nxe7+  1-0

[Event "53rd ch-RUS"]
[Site "Samara RUS"]
[Date "2000.06.24"]
[Round "8"]
[White "Grechihin,V"]
[Black "Sidorov,A"]
[Result "1/2-1/2"]
[WhiteElo "2521"]
[BlackElo "2339"]

1.e4 c5 2.Nf3 d6 3.Bb5+ Nd7 4.O-O a6 5.Bxd7+ Bxd7 6.c3 Nf6 7.Re1 Bc6 8.d3 e6
9.Nbd2 Be7 10.Nf1 b5 11.h3 Qb6 12.Bg5 Qb7 13.Qe2 h6 14.Bxf6 Bxf6 15.d4 O-O
16.Rad1 b4 17.c4 Rfe8 18.Ne3 Be7 19.dxc5 dxc5 20.Ne5 Red8 21.Nxc6 Qxc6 22.e5 Rxd1
23.Rxd1 Rd8 24.Rxd8+ Bxd8 25.Qd3 Bc7 26.b3 f5 27.Nc2 Qb7 28.f4 Qc6 29.Kf2 g6
30.Qf3 Qxf3+ 31.Kxf3 Kf7 32.g3  1/2-1/2

[Event "White Nights Open"]
[Site "St Petersburg RUS"]
[Date "2000.06.24"]
[Round "2"]
[White "Ivanov,VI"]
[Black "Karasev,V"]
[Result "0-1"]
[WhiteElo "2260"]
[BlackElo "2347"]

1.e4 c5 2.Nf3 d6 3.Bb5+ Nd7 4.d4 cxd4 5.Qxd4 Nf6 6.Bg5 a6 7.Bxf6 axb5 8.Bh4 Ra4
9.Qe3 Qb6 10.Qe2 b4 11.O-O g6 12.e5 dxe5 13.Nxe5 Nxe5 14.Qxe5 f6 15.Qe2 b3
16.Bg3 Bg4 17.Qd3 Rxa2 18.Nc3 Bf5 19.Qc4 Be6 20.Nd5 Qc6 21.Nc7+ Kf7 22.Qxe6+ Qxe6
23.Nxe6 Kxe6 24.Rxa2 bxa2 25.Ra1 Bh6 26.Rxa2 Rd8 27.h3 Rd1+ 28.Kh2 f5 29.Ra4 Rd2
30.Rb4 Rxc2 31.Rxb7 Bg7 32.b4 g5 33.f4 h6 34.Rb6+ Kf7 35.Rb5 Kg6 36.fxg5 hxg5
37.Be5 Bxe5+ 38.Rxe5 Kf6 39.Rb5 f4 40.Kg1 Rb2 41.Rb8 e5 42.b5 e4 43.b6 e3
44.Kf1 Kg7 45.b7 Kh7 46.h4 g4 47.Rf8 Rb1+ 48.Ke2 Rb2+ 49.Kd3 e2 50.Rf7+ Kg6
51.Re7 f3 52.gxf3 gxf3  0-1

[Event "Masters"]
[Site "Frankfurt GER"]
[Date "2000.06.25"]
[Round "13"]
[White "Adams,Mi"]
[Black "Topalov,V"]
[Result "1-0"]
[WhiteElo "2715"]
[BlackElo "2702"]

1.e4 c5 2.Nf3 d6 3.Bb5+ Nc6 4.O-O Bd7 5.Re1 a6 6.Bxc6 Bxc6 7.d4 cxd4 8.Nxd4 Nf6
9.Nxc6 bxc6 10.Qf3 Qc7 11.e5 dxe5 12.Rxe5 e6 13.Re1 Bd6 14.g3 O-O 15.Nd2 Nd7
16.Qe2 Nb6 17.b3 a5 18.Bb2 a4 19.Qg4 e5 20.Nc4 Nxc4 21.Qxc4 Rfb8 22.Bc3 Qb6
23.Bxe5 Bxe5 24.Rxe5 Qa6 25.Qxa6 Rxa6 26.Rd1 g6 27.Rd6 axb3 28.axb3 Kf8 29.Kg2 h5
30.h3 Re8 31.Rc5 Rc8 32.Rd4 Ke7 33.b4 Rd8 34.Re4+ Kf6 35.Rec4 Rd6 36.g4 hxg4
37.hxg4 Re6 38.Kg3 Ra3+ 39.f3 Ra6 40.Kf4 Kg7 41.c3 Kf6 42.Re4 Rd6 43.Ke3 Ra1
44.Rec4 Re1+ 45.Kf4 Ree6 46.Re4 Rxe4+ 47.Kxe4 Ke6 48.Rc4 Ke7 49.Ke3 Kf8 50.Rd4 Rf6
51.f4 Re6+ 52.Kd3 Re1 53.g5 Rf1 54.Rc4 Ke7 55.Rxc6 Rxf4 56.Rc5 Kd6 57.Ra5 Rg4
58.Kc2 Kc6 59.Kb3 Rg3 60.Rc5+ Kb6  1-0

[Event "VII Open"]
[Site "Linares CHI"]
[Date "2000.06.25"]
[Round "4"]
[White "Zarnicki,P"]
[Black "Godoy,D"]
[Result "1-0"]
[WhiteElo "2498"]
[BlackElo "2355"]

1.e4 c5 2.Nf3 d6 3.Bb5+ Bd7 4.Bxd7+ Qxd7 5.O-O Nc6 6.c3 Nf6 7.d4 e6 8.d5 Ne7
9.dxe6 Qxe6 10.Na3 Nc6 11.Bf4 Nh5 12.Be3 Be7 13.Nb5 O-O-O 14.Re1 h6 15.Nfd4 cxd4
16.cxd4 d5 17.Qxh5 dxe4 18.Rac1 Rd5 19.Qe2 Rxb5 20.Qxb5 Rd8 21.Qe5 Qxe5 22.dxe5 Rd5
23.Bxa7 Rxe5 24.Bd4 Re6 25.Bxg7 Kb8 26.Bc3 Bc5 27.Rcd1 Ne7 28.Rd8+ Kc7 29.Red1 e3
30.fxe3 Rxe3 31.Kf1 Re4 32.g3 f5 33.b4 Be3 34.Re8 Bg5 35.h4  1-0

[Event "VII Open"]
[Site "Linares CHI"]
[Date "2000.06.25"]
[Round "6"]
[White "Zarnicki,P"]
[Black "Valenzuela,L"]
[Result "0-1"]
[WhiteElo "2498"]
[BlackElo "2419"]

1.e4 c5 2.Nf3 d6 3.Bb5+ Bd7 4.Bxd7+ Qxd7 5.O-O Nc6 6.c3 Nf6 7.d4 Nxe4 8.d5 Ne5
9.Nxe5 dxe5 10.Re1 Nd6 11.Rxe5 g6 12.Bg5 h6 13.Bf6 Rg8 14.Na3 O-O-O 15.Bh4 Nf5
16.Bg3 Bg7 17.Re1 Nxg3 18.hxg3 Bf6 19.Nc4 Qxd5 20.Qa4 Kb8 21.Na5 Qd6 22.Qc4 e6
23.a4 g5 24.Rad1 Qc7 25.Nb3 Be7 26.a5 a6 27.Qe4 Rxd1 28.Rxd1 Rd8 29.Re1 c4
30.Nd4 Qxa5 31.Qf3 Qd5 32.Qh5 Bc5 33.Qxf7 Bxd4 34.cxd4 Qxd4 35.Qxe6 Rc8 36.Qxh6 Qxb2
37.Qxg5 Qd4 38.Qe7 c3 39.Rb1 Qd5 40.Qe1 c2 41.Rc1 Qd3 42.g4 Rd8 43.Qe5+ Ka8
44.Kh2 Qd2 45.Qb2 Qxf2 46.Kh3 Rd3+ 47.Kh2 Qg3+  0-1

[Event "53rd ch-RUS"]
[Site "Samara RUS"]
[Date "2000.06.25"]
[Round "9"]
[White "Ulibin,M"]
[Black "Loginov,Va"]
[Result "1/2-1/2"]
[WhiteElo "2580"]
[BlackElo "2512"]

1.e4 c5 2.Nf3 d6 3.Bb5+ Bd7 4.Bxd7+ Qxd7 5.O-O e6 6.c4 Nc6 7.d4 cxd4 8.Nxd4 Nf6
9.Nc3 Be7 10.Be3 O-O 11.Qe2 a6 12.Rad1 Rfc8 13.f4 Qe8 14.b3 Rab8 15.f5 Bd8
16.fxe6 fxe6 17.Nxc6 Rxc6 18.Bf4 Be7 19.e5 dxe5 20.Bxe5 Rd8 21.Rxd8 Bxd8
22.Ne4 Nxe4 23.Qxe4 Bc7 24.Bxc7 Rxc7 25.Re1 Re7 26.c5 Qd7 27.a4 a5 28.h3 h6
29.Qc4 Kf7 30.Qf4+ Kg8 31.Qc4 Kf7 32.Qf1+ Kg8 33.Rd1 Qc6 34.Rd8+ Re8 35.Rxe8+ Qxe8
36.Qe1 Qd7 37.Qxa5 Qd1+ 38.Kh2 Qxb3 39.c6 bxc6 40.Qa8+ Kh7 41.Qxc6 Qb8+ 42.g3 Qb2+
43.Qg2 Qb4 44.Qa2 Qa5 45.h4 h5 46.Qb1+ g6 47.Qb5 Qd2+ 48.Kh3 e5 49.Qb7+ Kh6
50.Qc8 Kg7 51.Qc7+ Kf6 52.Qc6+ Kg7 53.Qc7+ Kf6 54.a5 Qd5 55.Qb6+ Kg7 56.Kh2 Qd2+
57.Kh3  1/2-1/2

[Event "It"]
[Site "Valjevo YUG"]
[Date "2000.06.25"]
[Round "8"]
[White "Todorov,T"]
[Black "Damljanovic,B"]
[Result "0-1"]
[WhiteElo "2477"]
[BlackElo "2534"]

1.e4 c5 2.Nf3 d6 3.Bb5+ Bd7 4.Bxd7+ Qxd7 5.O-O Nc6 6.c4 Nf6 7.Nc3 g6 8.d4 cxd4
9.Nxd4 Bg7 10.Nc2 O-O 11.Qe2 a6 12.Bg5 e6 13.Rfd1 Qc7 14.Ne3 Rfc8 15.Rac1 Ne8
16.Bf4 Qa5 17.a3 Nd4 18.Qd3 Nb3 19.Rc2 Nc5 20.Qe2 Bxc3 21.Rxc3 Nxe4 22.Rcd3 b5
23.c5 d5 24.Ng4 b4 25.Be5 Qxc5 26.axb4 Qxb4 27.h4 f6 28.f3 fxe5 29.fxe4 Rc4
30.Nf2 Nf6 31.exd5 exd5 32.Qxe5 Rc6 33.Rxd5 Qxh4 34.Rd8+ Rxd8 35.Rxd8+ Kf7
36.Qe3 Qc4 37.Nd3 Kg7 38.Rd4 Qe6 39.Qf4 h5 40.Qd2 Qf5 41.Rf4 Qd5 42.Qe3 Re6
43.Qg3 Ng4 44.Qf3 Qd7 45.Qa8 Qe7 46.Rf1 Rd6 47.Nf4 Qe3+ 48.Kh1 Nf2+ 49.Kg1 Nh3+
50.Kh2 Nxf4 51.Qb7+ Kh6 52.Qf7 Ne6  0-1

[Event "XVIII Open"]
[Site "Andorra AND"]
[Date "2000.07.02"]
[Round "9"]
[White "Campora,D"]
[Black "Lalic,B"]
[Result "1/2-1/2"]
[WhiteElo "2534"]
[BlackElo "2548"]

1.e4 c5 2.Nf3 d6 3.Bb5+ Bd7 4.Bxd7+ Qxd7 5.c4 Nc6 6.Nc3 g6 7.d4 cxd4 8.Nxd4 Bg7
9.Be3 Nf6 10.f3 O-O 11.O-O e6 12.Re1 a6 13.Rc1 Rfd8 14.Na4 Nxd4 15.Bxd4 Qc6
16.Nb6 Rab8 17.Rc3 Nd7 18.Nxd7 Rxd7 19.Bxg7 Kxg7 20.Qd4+ e5 21.Qf2 Rdd8 22.Rd1 b5
23.cxb5 Qxb5 24.b3 Rdc8 25.Rcd3 Qxd3 26.Rxd3 Rc1+ 27.Qf1 Rxf1+ 28.Kxf1 Rb6
29.Ke2 Kf6 30.Kd2 Ke6 31.Kc3 Rc6+ 32.Kb2 f5 33.a3 h5 34.Rc3 Rb6 35.Rc8 d5
36.exd5+ Kxd5 37.Rd8+ Ke6 38.b4 a5 39.Kb3 axb4 40.axb4 e4 41.fxe4 fxe4 42.Rc8 Rd6
43.b5 Rd5 44.Kc4 Rd2 45.Rc6+ Kf7 46.Rc7+ Ke6 47.b6 e3 48.b7 Rb2 49.Kc3 Rb5
50.Kd3 Rb3+ 51.Ke2 Kf6 52.Kf3 Ke6 53.h3  1/2-1/2

[Event "FSIMB July"]
[Site "Budapest HUN"]
[Date "2000.07.02"]
[Round "2"]
[White "Zalkind,K"]
[Black "Froehlich,P"]
[Result "1/2-1/2"]
[WhiteElo "2250"]
[BlackElo "2375"]

1.e4 c5 2.Nf3 d6 3.Bb5+ Nd7 4.d4 Nf6 5.Nc3 a6 6.Bxd7+ Nxd7 7.Bg5 f6 8.Be3 e6
9.d5 e5 10.a4 Rb8 11.a5 b5 12.axb6 Nxb6 13.Nd2 Be7 14.O-O O-O 15.f4 exf4
16.Bxf4 f5 17.e5 dxe5 18.Bxe5 Bd6 19.Re1  1/2-1/2

[Event "1st ch-Europe"]
[Site "Saint Vincent ITA"]
[Date "2000.07.03"]
[Round "1"]
[White "Webb,L"]
[Black "Anastasian,A"]
[Result "0-1"]
[WhiteElo "2241"]
[BlackElo "2606"]

1.e4 c5 2.Nf3 d6 3.Bb5+ Nd7 4.d4 Nf6 5.Nc3 a6 6.Bxd7+ Nxd7 7.d5 g6 8.a4 Bg7
9.O-O O-O 10.Bg5 h6 11.Bh4 Rb8 12.Qe2 Nf6 13.Nd2 Bd7 14.a5 Nh5 15.Bg3 Re8
16.Rfe1 Nxg3 17.hxg3 e6 18.dxe6 Rxe6 19.Qd3 Bc6 20.Nc4 h5 21.Rad1 h4 22.Nd5 Bb5
23.gxh4 Qxh4 24.g3 Qd8 25.Nf4 Re8 26.b3 Bxc4 27.Qxc4 Qxa5 28.Re2 Rbd8 29.Qd5 Qb5
30.c4 Qxb3 31.Rd3 Qb6 32.Nxg6 Re6 33.Rf3 Rxg6 34.Rxf7 Qb1+ 35.Kg2 Kh8 36.Rxb7 Qa1
37.Qf7 Rh6 38.Re1 Qe5 39.Re7 Qg5 40.Rb1 Qg4 41.Qf5 Qxf5 42.exf5 d5 43.cxd5 c4
44.f4 Rhd6 45.Rbb7 Bd4 46.Rbc7 c3 47.Re6 a5 48.g4 a4 49.g5 a3 50.f6 a2 51.Re1 R6d7
52.Rc4 Rb7 53.Rh1+ Kg8 54.Rxd4 Rb1 55.Ra4 Rxh1 56.Rxa2 Rd1 57.Kf3 R1xd5 58.g6 R5d6
59.f7+ Kg7 60.f5 Rc8  0-1

[Event "1st ch-Europe"]
[Site "Saint Vincent ITA"]
[Date "2000.07.03"]
[Round "1"]
[White "Brajovic,R"]
[Black "Galkin,A"]
[Result "0-1"]
[WhiteElo "2263"]
[BlackElo "2566"]

1.e4 c5 2.Nf3 d6 3.Bb5+ Bd7 4.Bxd7+ Nxd7 5.O-O Ngf6 6.Re1 e6 7.c3 Be7 8.d4 cxd4
9.cxd4 d5 10.e5 Ne4 11.Nbd2 Nxd2 12.Bxd2 O-O 13.Qb3 Qb6 14.Qa4 Nb8 15.b4 a6
16.a3 Nc6 17.Be3 Rfc8 18.Rec1 Rc7 19.Rc3 Rac8 20.Rac1 h6 21.g3 Bf8 22.Kg2 a5
23.bxa5 Nxa5 24.Rxc7 Rxc7 25.Rxc7 Qxc7 26.Bd2 Nc6 27.h4 Qb6 28.Qa8 Qb3 29.a4 Qb1
30.a5 Qe4 31.Be3 g5 32.hxg5 hxg5 33.a6 g4 34.Bh6 gxf3+  0-1

[Event "1st ch-Europe"]
[Site "Saint Vincent ITA"]
[Date "2000.07.05"]
[Round "3"]
[White "Brajovic,R"]
[Black "Salmensuu,O"]
[Result "1-0"]
[WhiteElo "2263"]
[BlackElo "2418"]

1.e4 c5 2.Nf3 d6 3.Bb5+ Nc6 4.O-O Bd7 5.Re1 Nf6 6.c3 a6 7.Bf1 Bg4 8.d4 Bxf3
9.gxf3 Nd7 10.d5 Na7 11.f4 Qc7 12.e5 O-O-O 13.Bh3 Kb8 14.c4 h6 15.Nc3 g5
16.e6 Nb6 17.Qd3 g4 18.Bg2 Bg7 19.exf7 Rdf8 20.Qg6 Bxc3 21.bxc3 Nd7 22.Rxe7 Nc8
23.Re8 Nb6 24.f5 Nxc4 25.Bf4 Ka7 26.Rae1 N8b6 27.R1e7 Nd7 28.Qe6  1-0

[Event "FSIMB July"]
[Site "Budapest HUN"]
[Date "2000.07.06"]
[Round "6"]
[White "Zalkind,K"]
[Black "Cooke,E"]
[Result "0-1"]
[WhiteElo "2250"]
[BlackElo "2266"]

1.e4 c5 2.Nf3 d6 3.Bb5+ Bd7 4.Bxd7+ Nxd7 5.O-O g6 6.c3 Bg7 7.d4 Ngf6 8.Qe2 cxd4
9.cxd4 e5 10.Rd1 Qb6 11.Nc3 O-O 12.Be3 exd4 13.Nxd4 Qa5 14.Ndb5 Ne8 15.Nxd6 Nxd6
16.Rxd6 Nc5 17.f3 Rfd8 18.Rd5 Rxd5 19.Nxd5 Nb3 20.Rd1 Qxa2 21.Qd3 h5 22.Ne7+ Kh7
23.Qd5 Rf8 24.Qxb7 a5 25.f4 Qxb2 26.f5 Qc3 27.Qb6 Qf6 28.Qb7 Qc3 29.Nd5 Qc4
30.Rf1 Nd4 31.fxg6+ Kxg6 32.Nf4+ Kh7 33.Nxh5 Qe2 34.Rxf7 Qe1+  0-1

[Event "ch-USA Junior"]
[Site "Catonsville USA"]
[Date "2000.07.07"]
[Round "1"]
[White "Martinez,Marce"]
[Black "Winer,S"]
[Result "1/2-1/2"]
[WhiteElo "2349"]
[BlackElo "2308"]

1.e4 c5 2.Nf3 d6 3.Bb5+ Nd7 4.d4 Nf6 5.O-O a6 6.Bxd7+ Nxd7 7.Nc3 cxd4 8.Qxd4 e6
9.Bg5 Qc7 10.Rad1 f6 11.Bc1 Be7 12.Qe3 Ne5 13.Nd4 Nc6 14.Qg3 Kf7 15.Nde2 b5
16.f4 b4 17.Na4 a5 18.f5 e5 19.c4 Nb8 20.b3 Nd7 21.Be3 Bb7 22.Qg4 Bc6 23.Nb2 a4
24.Nd3 Rhb8 25.Rf3 axb3 26.axb3 Ra3 27.Rg3 Bf8 28.Nec1 Qb7 29.Nf2 Ke7 30.Qh4 h6
31.Rg4 Kd8 32.Nfd3 Kc7 33.Bd2 Qa7+ 34.Kf1 Qd4 35.Qe1 Rxb3 36.Be3 Qxc4 37.Nxb3 Qxb3
38.Kg1 Nc5 39.Nf2 Qc4 40.Rc1 Qb5 41.Rg3 b3 42.Bxc5 dxc5 43.Nd1 Qb4 44.Nc3 Kc8
45.Qe2 c4 46.Nb1 Bb5 47.Nc3  1/2-1/2

[Event "ch-USA Junior"]
[Site "Catonsville USA"]
[Date "2000.07.07"]
[Round "1"]
[White "Bhat,V"]
[Black "Zaremba,An"]
[Result "1/2-1/2"]
[WhiteElo "2398"]
[BlackElo "2337"]

1.e4 c5 2.Nf3 d6 3.Bb5+ Bd7 4.Bxd7+ Qxd7 5.c4 Nc6 6.Nc3 g6 7.d4 cxd4 8.Nxd4 Bg7
9.Nde2 Nf6 10.f3 O-O 11.O-O Rfd8 12.Bg5 h6 13.Be3 e6 14.Qc1 Kh7 15.Rd1 Qe7
16.Nf4 g5 17.Nd3 d5 18.Bc5 Qe8 19.exd5 exd5 20.Qc2 Kg8 21.Re1 Qd7 22.Rad1 Qf5
23.cxd5 Nxd5 24.Ne4 Nd4 25.Qa4 Nb6 26.Qa5 Nc4 27.Qa4 b5 28.Qa6 Nc2 29.Re2 Nd4
30.Ree1 Nc2 31.Re2 Nd4 32.Ree1 Nc2 33.Re2 Nd4  1/2-1/2

[Event "GM"]
[Site "Dortmund GER"]
[Date "2000.07.07"]
[Round "1"]
[White "Petrosian,Ars"]
[Black "Mikhalchishin,A"]
[Result "1/2-1/2"]
[WhiteElo "2476"]
[BlackElo "2552"]

1.e4 c5 2.Nf3 d6 3.Bb5+ Bd7 4.Bxd7+ Qxd7 5.O-O Nf6 6.Re1 Nc6 7.c3 e6 8.d4 cxd4
9.cxd4 d5 10.e5 Ne4 11.Nbd2 Nxd2 12.Bxd2 Be7 13.Bg5 O-O 14.Bxe7 Qxe7 15.Qd2 Qb4
16.Qd3 Qc4 17.Qd2 Qb4 18.Qd3 Qc4 19.Qd2 Qb4  1/2-1/2